| 000 | 00366nam a2200121Ia 4500 | ||
|---|---|---|---|
| 008 | 220216s9999 xx 000 0 und d | ||
| 100 | _aPowell E F | ||
| 245 | 0 | _aConstant power principle in abrasion testing | |
| 260 | _bProceedings of the 3rd Rubber Technology Conference, London, 1954; p460-482 | ||
| 650 | _aAbrasion testing | ||
| 700 | _aGough S W | ||
| 942 | _cJS | ||
| 999 |
_c56190 _d56190 |
||